000 01369nam a2200121Ia 4500
008 220620s9999||||xx |||||||||||||| ||und||
245 0 _aElectrospun Nanomaterials
_bApplications in Food, Environmental Remediation, and Bioengineering
546 _aEnglish[eng]
650 _aelectrospinning||curcumin||PLA/PEG/curcumin nanofiber||drug release||porous nanofiber||polycaprolactone||nanofibers||COOH plasma||cell adhesion and spreading||cell viability||freeze–thawed platelet-rich plasma immobilization||piezoelectricity||scaffold||polyvinylidene fluoride||polyvinylidene fluoride-trifluoroethylene||tissue engineering||osteoblast||neuron||stem cell||aligned fiber||HDPAF||micro-nanofibers||β-carotene||thermoprotection||photoprotection||antibacterial effect||centella||propolis||hinokitiol||biodegradable polymer||PHBH||nanofiber||food packaging||functional membrane||biomaterials||polymers||PMVE/MA||nanoparticles||nanoencapsulation||antibiotics||electrospun nanofibers||polyethylene oxide nanofibers PEO-NFs||microbial fuel cells||honey||food industry||recovered energy (Erec)||chitosan||chitin nanofibrils||hemostatic material||hemorrhage||photoactive nanoparticles||cadmium selenide||cellulose acetate||electrospun fibers||solar thermal||n/a
700 _aMallavia, Ricardo||Falco, Alberto
856 _uhttps://mdpi.com/books/pdfview/book/3011
942 _cEB
999 _c32417
_d32417